000 00317nam a22001337a 4500
008 180306b xxu||||| |||| 00| 0 eng d
020 _a9781257052554
041 _aeng
080 _a331
100 _a58
101 _aBIZ
245 _aBusiness Transformation for the Printing Industry
_cFoley, J
942 _2udc
_cBK
999 _c44119
_d44119